[Event "Biel 54th"]
[Site "Biel"]
[Date "2021.08.02"]
[Round "5"]
[White "Alekseenko, Kirill"]
[Black "Studer, Noel"]
[Result "1/2-1/2"]
[WhiteElo "2699"]
[BlackElo "2581"]
[PlyCount "109"]
[EventDate "2021.07.27"]
[EventType "tourn"]
[EventRounds "7"]
[EventCountry "SUI"]
[EventCategory "16"]
[SourceTitle "CBM 203"]
[Source "ChessBase"]
[SourceDate "2021.08.31"]
[SourceVersion "1"]
[SourceVersionDate "2021.08.31"]
[SourceQuality "1"]

1. c4 Nf6 2. Nc3 e5 3. Nf3 Nc6 4. e3 Bb4 5. Qc2 Bxc3 6. bxc3 d6 7. e4 0-0 8. g3 a6 9. a4 Nd7 10. Nh4 Nc5 11. d3 Na5 12. Be3 Qe8 13. Be2 Bd7 14. Bd1 b5 15. axb5 axb5 16. cxb5 Bxb5 17. Bxc5 dxc5 18. 0-0 c4 19. Be2 cxd3 20. Bxd3 Bxd3 21. Qxd3 Rd8 22. Qe2 Nb3 23. Rad1 Qe6 24. Rxd8 Rxd8 25. Rd1 Rxd1+ 26. Qxd1 g6 27. Qd8+ Kg7 28. Qxc7 Nd2 29. f3 Nc4 30. Qd8 Qa6 31. Qd3 Qb6+ 32. Kg2 Qb3 33. Kh3 Nb2 34. Qd2 h6 35. g4 Na4 36. g5 Qe6+ 37. Kg3 hxg5 38. Qxg5 Kh7 39. Qd2 Qc6 40. Ng2 Nxc3 41. Ne3 Nb5 42. Ng4 Nd4 43. Qg5 Ne2+ 44. Kh4 Nd4 45. Qe7 Qc4 46. Nf6+ Kg7 47. Ne8+ Kg8 48. Nf6+ Kg7 49. Ng4 Kh7 50. Nxe5 Nf5+ 51. Kg4 Nh6+ 52. Kg3 Qf1 53. Qc5 Qe1+ 54. Qf2 Nf5+ 55. exf5 1/2-1/2

[Event "Biel blitz 54th"]
[Site "Biel"]
[Date "2021.07.31"]
[Round "6"]
[White "Gelfand, Boris"]
[Black "Studer, Noel"]
[Result "1-0"]
[WhiteElo "2675"]
[BlackElo "2581"]
[PlyCount "101"]
[EventDate "2021.07.31"]
[EventType "tourn (blitz)"]
[EventRounds "14"]
[EventCountry "SUI"]
[EventCategory "16"]
[SourceTitle "CBM 203 Extra"]
[Source "ChessBase"]
[SourceDate "2021.09.30"]
[SourceVersion "1"]
[SourceVersionDate "2021.09.30"]
[SourceQuality "1"]

1. d4 Nf6 2. c4 e6 3. Nf3 d5 4. g3 dxc4 5. Bg2 a6 6. 0-0 Nc6 7. Qd2 Rb8 8. Ne5 Nxe5 9. dxe5 Nd5 10. Qc2 Nb6 11. Rd1 Bd7 12. Be3 Qc8 13. Nd2 Ba4 14. b3 cxb3 15. axb3 Bb5 16. Ne4 Nd5 17. Bc5 Bxc5 18. Qxc5 b6 19. Qc2 h6 20. Rd4 0-0 21. Qd2 c5 22. Nd6 Qd8 23. Rg4 f5 24. Bxd5 fxg4 25. Bxe6+ Kh8 26. Bxg4 Qe7 27. f4 Rbd8 28. Bf3 Qe6 29. Qd5 Qg6 30. Kf2 Rd7 31. Be4 Qh5 32. h4 Qxe2+ 33. Kg1 Qe3+ 34. Kh2 Rc7 35. Qd1 Bc6 36. Bxc6 Rxc6 37. Rxa6 Qf2+ 38. Kh3 Rc7 39. Ra1 Rd7 40. Qd5 b5 41. h5 Qe2 42. Kh4 Qh2+ 43. Kg4 Qe2+ 44. Qf3 Qb2 45. Ra8 Rxa8 46. Qxa8+ Kh7 47. Qe4+ Kh8 48. e6 Re7 49. Nf7+ Rxf7 50. exf7 Qf6 51. Qe8+ 1-0

[Event "Biel blitz 54th"]
[Site "Biel"]
[Date "2021.07.31"]
[Round "10"]
[White "Kamsky, Gata"]
[Black "Studer, Noel"]
[Result "0-1"]
[WhiteElo "2658"]
[BlackElo "2581"]
[PlyCount "92"]
[EventDate "2021.07.31"]
[EventType "tourn (blitz)"]
[EventRounds "14"]
[EventCountry "SUI"]
[EventCategory "16"]
[SourceTitle "CBM 203 Extra"]
[Source "ChessBase"]
[SourceDate "2021.09.30"]
[SourceVersion "1"]
[SourceVersionDate "2021.09.30"]
[SourceQuality "1"]

1. e4 e5 2. Nf3 Nf6 3. d4 Nxe4 4. Bd3 d5 5. Nxe5 Bd6 6. 0-0 0-0 7. Bxe4 dxe4 8. Nc3 Bf5 9. Nc4 Bg6 10. Re1 Re8 11. Nxd6 Qxd6 12. Nb5 Qd7 13. c4 a6 14. Nc3 Nc6 15. Nd5 b5 16. b3 bxc4 17. bxc4 Na5 18. Bf4 Nxc4 19. Nxc7 Nb2 20. Qd2 Nd3 21. Nxe8 Nxe1 22. Nf6+ gxf6 23. Rxe1 Qd5 24. Bh6 Rd8 25. Rc1 Qd7 26. h3 Rc8 27. Rxc8+ Qxc8 28. Qf4 Qd8 29. d5 f5 30. Qe5 f6 31. Qe6+ Bf7 32. Qxf5 Bxd5 33. Qg4+ Kf7 34. a3 Bc6 35. Qg7+ Ke6 36. Bf4 Qd7 37. Qg8+ Qf7 38. Qc8+ Qd7 39. Qxa6 Kf7 40. Kh2 Kg6 41. Qb6 Qd5 42. Qe3 h5 43. Qg3+ Kf7 44. Be3 Ke6 45. Qg8+ Ke7 46. Bf4 Qxg8 0-1

[Event "Biel blitz 54th"]
[Site "Biel"]
[Date "2021.07.31"]
[Round "5"]
[White "Keymer, Vincent"]
[Black "Studer, Noel"]
[Result "1-0"]
[WhiteElo "2591"]
[BlackElo "2581"]
[PlyCount "93"]
[EventDate "2021.07.31"]
[EventType "tourn (blitz)"]
[EventRounds "14"]
[EventCountry "SUI"]
[EventCategory "16"]
[SourceTitle "CBM 203 Extra"]
[Source "ChessBase"]
[SourceDate "2021.09.30"]
[SourceVersion "1"]
[SourceVersionDate "2021.09.30"]
[SourceQuality "1"]

1. Nf3 d5 2. e3 Nf6 3. c4 e6 4. Nc3 c5 5. cxd5 exd5 6. Bb5+ Nbd7 7. 0-0 a6 8. Be2 Nb8 9. d4 Nc6 10. b3 Bg4 11. Bb2 Bxf3 12. Bxf3 cxd4 13. exd4 Be7 14. Qd3 0-0 15. Rad1 Qa5 16. a3 Rad8 17. b4 Qc7 18. Rfe1 Bd6 19. g3 Ne7 20. Na4 h5 21. Rc1 Qb8 22. Nc5 h4 23. Bg2 Ng6 24. Rc2 Rc8 25. Rce2 Qa7 26. Bh3 Ra8 27. Ne6 Rfe8 28. Ng5 Rxe2 29. Rxe2 hxg3 30. hxg3 Nf8 31. Nf3 a5 32. b5 a4 33. Ne5 Qb6 34. Re3 Ra5 35. Bf1 Ra8 36. Rf3 Rc8 37. Qf5 Qd8 38. Bd3 Rc7 39. g4 Bxe5 40. dxe5 N6h7 41. Rh3 g6 42. Qf4 Qg5 43. Qh2 Rc8 44. f4 Qxg4+ 45. Qg3 Qd1+ 46. Kg2 Qb1 47. Bxb1 1-0

[Event "Biel blitz 54th"]
[Site "Biel"]
[Date "2021.07.31"]
[Round "14"]
[White "Studer, Noel"]
[Black "Gelfand, Boris"]
[Result "0-1"]
[WhiteElo "2581"]
[BlackElo "2675"]
[PlyCount "108"]
[EventDate "2021.07.31"]
[EventType "tourn (blitz)"]
[EventRounds "14"]
[EventCountry "SUI"]
[EventCategory "16"]
[SourceTitle "CBM 203 Extra"]
[Source "ChessBase"]
[SourceDate "2021.09.30"]
[SourceVersion "1"]
[SourceVersionDate "2021.09.30"]
[SourceQuality "1"]

1. d4 Nf6 2. c4 e6 3. Nf3 d5 4. g3 Bb4+ 5. Bd2 a5 6. Bg2 0-0 7. Qc2 c5 8. dxc5 d4 9. 0-0 Nc6 10. Bxb4 axb4 11. Rd1 e5 12. Nbd2 Qe7 13. Ne4 Nxe4 14. Qxe4 f5 15. Qd5+ Be6 16. Qd6 Qxd6 17. cxd6 Bxc4 18. e3 d3 19. b3 Bd5 20. Nd2 Bxg2 21. Kxg2 Rfd8 22. e4 g6 23. Nc4 fxe4 24. Re1 b5 25. Nd2 Rxd6 26. Nxe4 Rdd8 27. Red1 Rd4 28. f3 Ne7 29. Nc5 d2 30. Ne4 Rc8 31. Rxd2 Rxd2+ 32. Nxd2 Rc2 33. Rd1 Nd5 34. Kh3 Nc3 35. Re1 Rxd2 36. Rxe5 Rxa2 37. Re7 Rb2 38. Kg4 Rxh2 39. f4 Rh5 40. Rb7 Rd5 41. Kh4 Ne4 42. g4 Rd1 43. g5 Nd6 44. Rb6 Rd3 45. Kg4 Kf7 46. Rc6 Ke6 47. Rc5 Rxb3 48. Re5+ Kd7 49. Re1 Rd3 50. Rh1 b3 51. Rxh7+ Kc6 52. Rh2 Nc4 53. f5 Rd4+ 54. Kg3 gxf5 0-1

[Event "Biel blitz 54th"]
[Site "Biel"]
[Date "2021.07.31"]
[Round "7"]
[White "Studer, Noel"]
[Black "Nihal, Sarin"]
[Result "0-1"]
[WhiteElo "2581"]
[BlackElo "2620"]
[PlyCount "50"]
[EventDate "2021.07.31"]
[EventType "tourn (blitz)"]
[EventRounds "14"]
[EventCountry "SUI"]
[EventCategory "16"]
[SourceTitle "CBM 203 Extra"]
[Source "ChessBase"]
[SourceDate "2021.09.30"]
[SourceVersion "1"]
[SourceVersionDate "2021.09.30"]
[SourceQuality "1"]

1. d4 Nf6 2. c4 e6 3. Nf3 d5 4. g3 Be7 5. Bg2 0-0 6. 0-0 dxc4 7. Qc2 b5 8. a4 b4 9. Nfd2 Nd5 10. Nxc4 c5 11. dxc5 Ba6 12. Ne3 Nd7 13. Nxd5 exd5 14. c6 Rc8 15. Bf4 Nc5 16. Rd1 d4 17. Nd2 Bxe2 18. Nb3 d3 19. Qc4 Nxb3 20. Qxb3 Bc5 21. Rd2 Re8 22. Bd5 Qf6 23. Qc4 Rxc6 24. Bxc6 Qxc6 25. Rc1 Bf1 0-1

[Event "Biel 54th"]
[Site "Biel"]
[Date "2021.07.29"]
[Round "3"]
[White "Lagarde, Maxime"]
[Black "Studer, Noel"]
[Result "0-1"]
[WhiteElo "2648"]
[BlackElo "2581"]
[PlyCount "81"]
[EventDate "2021.07.27"]
[EventType "tourn"]
[EventRounds "7"]
[EventCountry "SUI"]
[EventCategory "16"]
[SourceTitle "CBM 203"]
[Source "ChessBase"]
[SourceDate "2021.08.31"]
[SourceVersion "1"]
[SourceVersionDate "2021.08.31"]
[SourceQuality "1"]

1. e4 e5 2. Nf3 Nf6 3. Nxe5 d6 4. Nf3 Nxe4 5. c4 Nc6 6. d3 Nf6 7. d4 d5 8. c5 g6 9. Bb5 Bg7 10. 0-0 0-0 11. Bxc6 bxc6 12. Qa4 a5 13. Nc3 Ra6 14. Re1 Bf5 15. Bf4 Nh5 16. Bg5 Qb8 17. h3 Qxb2 18. Qb3 Qxb3 19. axb3 Nf6 20. Bxf6 Bxf6 21. b4 a4 22. b5 cxb5 23. Nxd5 Rd8 24. Nxc7 Ra5 25. g4 Bc8 26. g5 Bg7 27. Ne5 Bb7 28. Rac1 a3 29. d5 a2 30. f4 b4 31. c6 Bxe5 32. fxe5 Bxc6 33. dxc6 b3 34. e6 fxe6 35. Nxe6 Rc8 36. c7 b2 37. Rcd1 Raa8 38. Nd8 a1Q 39. Re8+ Kg7 40. Re7+ Kf8 41. Rf7+ 0-1

[Event "Biel rapid 54th"]
[Site "Biel"]
[Date "2021.07.25"]
[Round "2"]
[White "Pichot, Alan"]
[Black "Studer, Noel"]
[Result "1-0"]
[WhiteElo "2630"]
[BlackElo "2581"]
[PlyCount "49"]
[EventDate "2021.07.25"]
[EventType "tourn (rapid)"]
[EventRounds "7"]
[EventCountry "SUI"]
[EventCategory "16"]
[SourceTitle "CBM 203 Extra"]
[Source "ChessBase"]
[SourceDate "2021.09.30"]
[SourceVersion "1"]
[SourceVersionDate "2021.09.30"]
[SourceQuality "1"]

1. e4 c5 2. Nf3 Nc6 3. d4 cxd4 4. Nxd4 Nf6 5. Nc3 e5 6. Ndb5 d6 7. Nd5 Nxd5 8. exd5 Nb8 9. c4 Be7 10. Bd3 0-0 11. 0-0 a6 12. Nc3 Nd7 13. Qc2 g6 14. Bh6 Re8 15. b4 f5 16. Rad1 Bf6 17. c5 dxc5 18. d6 b6 19. Nd5 Ra7 20. Nc7 Rxc7 21. dxc7 Qxc7 22. Qc4+ Kh8 23. Qf7 Qd8 24. Bxa6 Re7 25. Qxf6+ 1-0

[Event "Biel rapid 54th"]
[Site "Biel"]
[Date "2021.07.25"]
[Round "7"]
[White "Studer, Noel"]
[Black "Gelfand, Boris"]
[Result "0-1"]
[WhiteElo "2581"]
[BlackElo "2675"]
[PlyCount "70"]
[EventDate "2021.07.25"]
[EventType "tourn (rapid)"]
[EventRounds "7"]
[EventCountry "SUI"]
[EventCategory "16"]
[SourceTitle "CBM 203 Extra"]
[Source "ChessBase"]
[SourceDate "2021.09.30"]
[SourceVersion "1"]
[SourceVersionDate "2021.09.30"]
[SourceQuality "1"]

1. d4 Nf6 2. c4 e6 3. Nc3 Bb4 4. e3 0-0 5. Nf3 c5 6. Bd2 cxd4 7. Nxd4 Nc6 8. a3 Be7 9. Nf3 d5 10. cxd5 exd5 11. Be2 Bd6 12. Qc2 Re8 13. Nb5 Bb8 14. Nbd4 Qd6 15. Nxc6 bxc6 16. Bb4 Qc7 17. Rc1 Bd7 18. Nd4 a5 19. Bd2 Rc8 20. Nf5 Qe5 21. g4 Ne4 22. Ng3 Nxd2 23. Qxd2 Ba7 24. 0-0 a4 25. Kg2 c5 26. f4 Qe6 27. Bf3 Bc6 28. Nf5 Rab8 29. Rc2 h5 30. h3 g6 31. Nh6+ Kg7 32. g5 c4 33. Re1 Rb3 34. Qa5 Bb6 35. Qa6 Ra8 0-1

[Event "Mitropa Cup Online"]
[Site "Tornelo INT"]
[Date "2021.05.12"]
[Round "9.1"]
[White "Nguyen, Thai Dai Van"]
[Black "Studer, Noel"]
[Result "1/2-1/2"]
[WhiteElo "2577"]
[BlackElo "2584"]
[PlyCount "72"]
[EventDate "2021.05.04"]
[EventType "team-tourn"]
[EventRounds "9"]
[EventCountry "SUI"]
[SourceTitle "CBM 202 Extra"]
[Source "ChessBase"]
[SourceDate "2021.07.31"]
[SourceVersion "1"]
[SourceVersionDate "2021.07.31"]
[SourceQuality "1"]
[WhiteTeam "Czech Republic"]
[BlackTeam "Switzerland"]
[WhiteTeamCountry "CZE"]
[BlackTeamCountry "SUI"]

1. d4 Nf6 2. c4 e6 3. Nf3 d5 4. Nc3 dxc4 5. e4 Bb4 6. Bg5 c5 7. Bxc4 cxd4 8. Nxd4 Bxc3+ 9. bxc3 Qa5 10. Bxf6 Qxc3+ 11. Kf1 gxf6 12. Rc1 Qb4 13. Bxe6 Nc6 14. Nxc6 bxc6 15. Qb3 Ba6+ 16. Bc4 Qxb3 17. axb3 Bb5 18. Ke2 0-0 19. Bxb5 cxb5 20. Rc6 Rfe8 21. Kf3 Kg7 22. Ra6 Rec8 23. Re1 b4 24. Re3 Rc2 25. Kg3 Rc7 26. Kf4 Rc2 27. Kg3 Rc7 28. Kf4 Rc2 29. Rg3+ Kf8 30. Rf3 Re2 31. Rxf6 Re8 32. Kg3 Re7 33. R3f4 Rb2 34. Rf3 Re2 35. R3f4 Rb2 36. Rf3 Re2 1/2-1/2

[Event "Mitropa Cup Online"]
[Site "Tornelo INT"]
[Date "2021.05.04"]
[Round "1.2"]
[White "Prusikin, Michael"]
[Black "Studer, Noel"]
[Result "1/2-1/2"]
[WhiteElo "2547"]
[BlackElo "2584"]
[PlyCount "103"]
[EventDate "2021.05.04"]
[EventType "team-tourn"]
[EventRounds "9"]
[EventCountry "SUI"]
[SourceTitle "CBM 202 Extra"]
[Source "ChessBase"]
[SourceDate "2021.07.31"]
[SourceVersion "1"]
[SourceVersionDate "2021.07.31"]
[SourceQuality "1"]
[WhiteTeam "Germany"]
[BlackTeam "Switzerland"]
[WhiteTeamCountry "GER"]
[BlackTeamCountry "SUI"]

1. e4 c5 2. Nf3 Nc6 3. d4 cxd4 4. Nxd4 Nf6 5. Nc3 d6 6. Bc4 e6 7. Be3 Be7 8. Qe2 0-0 9. 0-0-0 a6 10. Bb3 Qc7 11. h4 b5 12. g4 Na5 13. g5 Nxb3+ 14. axb3 Nd7 15. g6 Nf6 16. gxh7+ Kh8 17. Rhg1 b4 18. Na4 Bb7 19. f3 d5 20. Qg2 Ne8 21. f4 dxe4 22. f5 Rd8 23. h5 exf5 24. Nxf5 Rxd1+ 25. Rxd1 Bf6 26. Kb1 Kxh7 27. Qg4 Bc8 28. Bc5 Rh8 29. Qxe4 Qe5 30. Qxe5 Bxe5 31. Rf1 Nf6 32. Bxb4 Nxh5 33. Ne7 Be6 34. Nc5 Bf6 35. Nxe6 fxe6 36. Rh1 g6 37. Nc6 Kg7 38. Rd1 g5 39. c4 Nf4 40. Bc3 Bxc3 41. bxc3 Rh3 42. Rg1 Kf6 43. Kb2 Rf3 44. b4 e5 45. b5 axb5 46. cxb5 Nd5 47. Re1 Nxc3 48. Nxe5 Na4+ 49. Ka2 Rf5 50. Nd7+ Kg6 51. Kb3 Rxb5+ 52. Kxa4 1/2-1/2

[Event "SUI World Cup Qual"]
[Site "Magglingen"]
[Date "2021.04.23"]
[Round "3"]
[White "Studer, Noel"]
[Black "Kurmann, Oliver"]
[Result "1/2-1/2"]
[WhiteElo "2579"]
[BlackElo "2430"]
[PlyCount "120"]
[EventDate "2021.04.21"]
[EventType "tourn"]
[EventRounds "5"]
[EventCountry "SUI"]
[EventCategory "8"]
[SourceTitle "CBM 202 Extra"]
[Source "ChessBase"]
[SourceDate "2021.07.31"]
[SourceVersion "1"]
[SourceVersionDate "2021.07.31"]
[SourceQuality "1"]

1. d4 d5 2. c4 dxc4 3. Nf3 c5 4. e3 cxd4 5. Bxc4 Qc7 6. Qb3 e6 7. exd4 Nf6 8. Nc3 a6 9. Bg5 Be7 10. Rc1 Nc6 11. Bd3 0-0 12. 0-0 Nxd4 13. Nxd4 Ng4 14. f4 Bxg5 15. Bxh7+ Kxh7 16. Ne4 Qxf4 17. Rxf4 Bxf4 18. Qh3+ Kg8 19. Qxg4 Be3+ 20. Kh1 f5 21. Qe2 Bxc1 22. Nc5 Rf6 23. g3 Kh7 24. h4 b6 25. Ncxe6 Bxe6 26. Nxe6 Rc8 27. g4 fxg4 28. Qxg4 Rg8 29. Ng5+ Kh6 30. Qe4 Rh8 31. Qd5 Rhf8 32. Ne4 Rf5 33. Qc6+ Kh7 34. Ng3 Rf3 35. Kg2 Rf2+ 36. Kh3 Bxb2 37. Qe4+ Kh8 38. Qd5 Bc1 39. a4 a5 40. Qc6 Be3 41. Qe6 R2f3 42. Kg2 Rf2+ 43. Kh3 R2f3 44. Kg2 Bf2 45. Ne4 Bxh4 46. Qxb6 R8f5 47. Qb8+ Kh7 48. Qb1 Kh6 49. Qb6+ Kh5 50. Qe6 R3f4 51. Kh3 g6 52. Qe8 Rf3+ 53. Kg2 Rb3 54. Qh8+ Kg4 55. Qd4 Rb4 56. Nf2+ Kh5 57. Qh8+ Kg5 58. Qd8+ Kh6 59. Qh8+ Kg5 60. Qd8+ Kh6 1/2-1/2

[Event "Titled Tuesday intern op 06th Apr"]
[Site "Chess.com INT"]
[Date "2021.04.06"]
[Round "7"]
[White "Nikologorskiy, Konstantin"]
[Black "Studer, Noel"]
[Result "1-0"]
[WhiteElo "2413"]
[BlackElo "2579"]
[PlyCount "87"]
[EventDate "2021.04.06"]
[EventType "swiss (blitz)"]
[EventRounds "11"]
[EventCountry "USA"]
[SourceTitle "CBM 201 Extra"]
[Source "ChessBase"]
[SourceDate "2021.05.31"]
[SourceVersion "1"]
[SourceVersionDate "2021.05.31"]
[SourceQuality "1"]

1. d4 Nf6 2. Bf4 d5 3. Nf3 c5 4. e3 Nc6 5. c3 Qb6 6. Qb3 c4 7. Qxb6 axb6 8. Nbd2 b5 9. Be2 Bf5 10. Nh4 Bd7 11. h3 h6 12. Nhf3 b4 13. cxb4 Nxb4 14. 0-0 Bf5 15. Ne5 e6 16. a3 Nc6 17. g4 Bh7 18. Bg3 Na5 19. f4 Ne4 20. Nxe4 Bxe4 21. f5 exf5 22. gxf5 Be7 23. Bh5 0-0 24. f6 Bxf6 25. Nd7 Bg5 26. Nxf8 Bxe3+ 27. Bf2 Bxf2+ 28. Kxf2 Rxf8 29. Bf3 Nb3 30. Rad1 f5 31. Rg1 Rd8 32. Rg6 f4 33. Rb6 Bc2 34. Rg1 Nxd4 35. Rxb7 g5 36. Bh5 Nf5 37. Bf7+ Kh8 38. Be6 Nd6 39. Rc7 d4 40. h4 Ne4+ 41. Kf3 Nd2+ 42. Ke2 c3 43. hxg5 hxg5 44. Rh1+ 1-0

[Event "Titled Tuesday intern op 06th Apr"]
[Site "Chess.com INT"]
[Date "2021.04.06"]
[Round "8"]
[White "Studer, Noel"]
[Black "Marn, Jan"]
[Result "1-0"]
[WhiteElo "2579"]
[BlackElo "2287"]
[PlyCount "53"]
[EventDate "2021.04.06"]
[EventType "swiss (blitz)"]
[EventRounds "11"]
[EventCountry "USA"]
[SourceTitle "CBM 201 Extra"]
[Source "ChessBase"]
[SourceDate "2021.05.31"]
[SourceVersion "1"]
[SourceVersionDate "2021.05.31"]
[SourceQuality "1"]

1. d4 Nf6 2. c4 g6 3. Nc3 Bg7 4. e4 d6 5. h3 0-0 6. Be3 c5 7. Nf3 a6 8. Be2 Nc6 9. 0-0 cxd4 10. Nxd4 Nd7 11. Rc1 a5 12. Kh1 Nc5 13. f4 f5 14. e5 Ne6 15. Nxe6 Bxe6 16. exd6 exd6 17. b3 Qe7 18. Re1 Rad8 19. Bf3 Qf7 20. Nd5 Nb4 21. Qd2 Bxd5 22. cxd5 Rfe8 23. Bb6 Rxe1+ 24. Rxe1 Re8 25. Re6 Rxe6 26. dxe6 Qxe6 27. Bxa5 1-0

[Event "Titled Tuesday intern op 30th Mar"]
[Site "Chess.com INT"]
[Date "2021.03.30"]
[Round "6"]
[White "Babazada, Khazar Araz"]
[Black "Studer, Noel"]
[Result "1/2-1/2"]
[WhiteElo "2409"]
[BlackElo "2579"]
[PlyCount "88"]
[EventDate "2021.03.30"]
[EventType "swiss (blitz)"]
[EventRounds "11"]
[EventCountry "USA"]
[SourceTitle "CBM 201 Extra"]
[Source "ChessBase"]
[SourceDate "2021.05.31"]
[SourceVersion "1"]
[SourceVersionDate "2021.05.31"]
[SourceQuality "1"]

1. e4 c5 2. Nc3 Nc6 3. g3 g6 4. Bg2 Bg7 5. Nge2 Rb8 6. 0-0 b5 7. d3 b4 8. Nd5 e6 9. Ne3 Nge7 10. c3 d5 11. exd5 exd5 12. d4 cxd4 13. Nxd4 Nxd4 14. cxd4 0-0 15. Re1 Be6 16. Ng4 Qb6 17. Bg5 Nf5 18. Nf6+ Kh8 19. Nxd5 Qxd4 20. Nc7 Qxd1 21. Raxd1 Bxa2 22. g4 Nd4 23. Re4 Ne6 24. Nxe6 Bxe6 25. Be7 Rfe8 26. Bxb4 Bxb2 27. h3 Bg7 28. Rd6 Kg8 29. Ra6 Rec8 30. Rxa7 Rc4 31. Rxc4 Bxc4 32. Bd6 Rd8 33. Bc7 Re8 34. Bc6 Rc8 35. Bd7 Rf8 36. Kh2 Bd5 37. Ra5 Bb7 38. Rb5 Be4 39. Rb4 Bd5 40. f4 Ra8 41. Ba4 h6 42. Bb3 Bxb3 43. Rxb3 Rc8 44. Bd6 Rc2+ 1/2-1/2

[Event "Titled Tuesday intern op 30th Mar"]
[Site "Chess.com INT"]
[Date "2021.03.30"]
[Round "3"]
[White "Ibrahimli, Murad Sultanali"]
[Black "Studer, Noel"]
[Result "1-0"]
[WhiteElo "2436"]
[BlackElo "2579"]
[PlyCount "103"]
[EventDate "2021.03.30"]
[EventType "swiss (blitz)"]
[EventRounds "11"]
[EventCountry "USA"]
[SourceTitle "CBM 201 Extra"]
[Source "ChessBase"]
[SourceDate "2021.05.31"]
[SourceVersion "1"]
[SourceVersionDate "2021.05.31"]
[SourceQuality "1"]

1. Nf3 d5 2. g3 Nf6 3. Bg2 c5 4. 0-0 e6 5. d4 cxd4 6. Nxd4 e5 7. Nb3 Be6 8. c4 Nc6 9. cxd5 Nxd5 10. Nc3 Nxc3 11. bxc3 Be7 12. Be3 0-0 13. Rb1 Qc7 14. Nc5 Bxc5 15. Bxc5 Rfd8 16. Qa4 Bd5 17. Rfd1 Bxg2 18. Kxg2 b6 19. Be3 Na5 20. Qe4 Nc4 21. Bg5 f6 22. Be3 Qf7 23. a4 h6 24. h4 f5 25. Qf3 Rac8 26. Rxd8+ Rxd8 27. Rb4 Rc8 28. Rb5 Kh7 29. a5 bxa5 30. Rb7 Nxe3+ 31. fxe3 Qe6 32. Rxa7 Rxc3 33. Rxa5 Rc4 34. Ra8 Re4 35. Kf2 Qf6 36. h5 Qf7 37. Ra6 Rg4 38. Ra5 Qe6 39. Rc5 Rg5 40. e4 fxe4 41. Qxe4+ Qf5+ 42. Qxf5+ Rxf5+ 43. Kg2 Rxh5 44. e4 Rg5 45. Kf3 h5 46. Rc6 g6 47. Rc7+ Kh6 48. Re7 h4 49. gxh4 Rh5 50. Kg4 g5 51. Re6+ Kg7 52. Kxh5 1-0

[Event "Titled Tuesday intern op 02nd Mar"]
[Site "Chess.com INT"]
[Date "2021.03.02"]
[Round "8"]
[White "Studer, Noel"]
[Black "Bulmaga, Irina"]
[Result "1-0"]
[WhiteElo "2579"]
[BlackElo "2440"]
[PlyCount "91"]
[EventDate "2021.03.02"]
[EventType "swiss (blitz)"]
[EventRounds "11"]
[EventCountry "USA"]
[SourceTitle "CBM 201 Extra"]
[Source "ChessBase"]
[SourceDate "2021.05.31"]
[SourceVersion "1"]
[SourceVersionDate "2021.05.31"]
[SourceQuality "1"]

1. d4 Nf6 2. c4 e6 3. Nf3 Bb4+ 4. Nbd2 b6 5. a3 Bxd2+ 6. Qxd2 Bb7 7. e3 0-0 8. Be2 Ne4 9. Qc2 d6 10. 0-0 a5 11. b3 Nd7 12. Bb2 f5 13. Nd2 Nxd2 14. Qxd2 Rf6 15. d5 Rg6 16. f3 Qg5 17. Rf2 e5 18. f4 exf4 19. exf4 Qh4 20. Bd3 Rf8 21. Re1 Nc5 22. Bc2 Bc8 23. b4 axb4 24. axb4 Ne4 25. Bxe4 fxe4 26. Rxe4 Rh6 27. g3 Qh3 28. Re7 Rg6 29. Qe3 Qh5 30. Rxc7 Bh3 31. Qe2 Bg4 32. Qe1 Bh3 33. Re7 h6 34. Qe2 Bg4 35. Qe3 Bh3 36. Qf3 Qf5 37. Qe4 Qh5 38. Bd4 Qd1+ 39. Qe1 Qxd4 40. Re4 Qf6 41. Qe3 Ra8 42. Re2 Ra1+ 43. Re1 Rxe1+ 44. Qxe1 Qb2 45. Re2 Qxb4 46. Qxb4 1-0

[Event "Titled Tuesday intern op 02nd Mar"]
[Site "Chess.com INT"]
[Date "2021.03.02"]
[Round "1"]
[White "Zhukov, Maksim"]
[Black "Studer, Noel"]
[Result "0-1"]
[WhiteElo "2097"]
[BlackElo "2579"]
[PlyCount "81"]
[EventDate "2021.03.02"]
[EventType "swiss (blitz)"]
[EventRounds "11"]
[EventCountry "USA"]
[SourceTitle "CBM 201 Extra"]
[Source "ChessBase"]
[SourceDate "2021.05.31"]
[SourceVersion "1"]
[SourceVersionDate "2021.05.31"]
[SourceQuality "1"]

1. Nf3 d5 2. g3 Nf6 3. Bg2 c5 4. 0-0 e6 5. d3 Nc6 6. Nbd2 Be7 7. e4 0-0 8. e5 Nd7 9. Re1 Qc7 10. Qe2 b5 11. h4 a5 12. Nf1 b4 13. Bf4 Bb7 14. N1h2 Rfc8 15. h5 h6 16. Ng4 Bf8 17. Qd2 Qd8 18. Ne3 Nd4 19. c3 Nxf3+ 20. Bxf3 Rab8 21. Bg2 Nb6 22. Ng4 a4 23. Qe2 a3 24. cxb4 axb2 25. Qxb2 cxb4 26. Rac1 Na4 27. Qd2 Rc3 28. Be3 d4 29. Bf4 Bxg2 30. Kxg2 Nc5 31. Rxc3 dxc3 32. Qc2 Qxd3 33. Qc1 Qd5+ 34. f3 Nd3 35. Qe3 Nxe1+ 36. Qxe1 c2 37. Qe3 Rc8 38. Bxh6 c1Q 39. Nf6+ gxf6 40. Qxc1 Rxc1 41. Bxc1 0-1

[Event "Titled Tuesday intern op 16th Feb"]
[Site "Chess.com INT"]
[Date "2021.02.16"]
[Round "9"]
[White "Bjerre, Jonas Buhl"]
[Black "Studer, Noel"]
[Result "0-1"]
[WhiteElo "2549"]
[BlackElo "2579"]
[PlyCount "136"]
[EventDate "2021.02.16"]
[EventType "swiss (blitz)"]
[EventRounds "11"]
[EventCountry "USA"]
[SourceTitle "EXT 2022"]
[Source "ChessBase"]
[SourceDate "2021.10.06"]
[SourceVersion "1"]
[SourceVersionDate "2021.10.06"]
[SourceQuality "1"]

1. e4 c5 2. c3 Nf6 3. e5 Nd5 4. Nf3 Nc6 5. Bc4 Nb6 6. Bb3 d5 7. exd6 Qxd6 8. 0-0 c4 9. Bc2 g6 10. b3 Be6 11. Na3 cxb3 12. axb3 Bg7 13. d4 Bd5 14. Bb2 0-0 15. Re1 Rfd8 16. Qe2 Re8 17. Rad1 a6 18. Nc4 Qc7 19. Nce5 Rad8 20. c4 Bxf3 21. Nxf3 e6 22. Be4 Ne7 23. h4 Nbc8 24. h5 Nd6 25. Bb1 Ndf5 26. Qe4 gxh5 27. Bc1 Ng6 28. Bg5 Rc8 29. d5 b5 30. cxb5 Nd6 31. Qd3 e5 32. Nh4 e4 33. Qh3 axb5 34. Rc1 Qb7 35. Rxc8 Qxc8 36. Qh2 Be5 37. g3 Qg4 38. Ng2 Qxg5 39. Qh3 Qg4 40. Qh2 Nf5 41. Rxe4 Qd1+ 42. Re1 Qg4 43. Re4 Qg5 44. f4 Qxg3 45. fxe5 Qxb3 46. Re1 Ng3 47. Bxg6 hxg6 48. e6 f5 49. Nf4 Qf3 50. Nxg6 f4 51. Qg2 Qg4 52. Ne5 Qg5 53. Nf3 Qxd5 54. e7 Qf7 55. Qc2 Rxe7 56. Rxe7 Qxe7 57. Qg6+ Kf8 58. Qh6+ Ke8 59. Qh8+ Kd7 60. Qd4+ Qd6 61. Qg7+ Kc6 62. Qc3+ Kb6 63. Kg2 Ne4 64. Qe1 Qg6+ 65. Kf1 Nc5 66. Qe7 Qd3+ 67. Kf2 Ne4+ 68. Kg2 Qe2+ 0-1